00213nam a2200085Ia 4500008004100000082001600041100002400057245002300081300002300104230907s9999||||xx |||||||||||||| ||und|| a300.72bPAS aPasser, Michael W., 0aResearch methods : axxvii, 546 pages :